Millwall Trivia - Statistics

General Stats
  • This quiz has been taken 45 times
  • The average score is 10 of 16
Answer Stats
Question Answer % Correct
What is the name of Millwall’s stadium? The Den
98%
What is Millwall’s nickname? The {Lions}
98%
Who is the current head coach of Millwall? Alex Neil
95%
With which club does Millwall contest the Dockers Derby? West Ham United
83%
Which Englishman is Millwall’s record goalscorer with 138? Neil Harris
78%
In which year did Millwall finish as FA Cup runners-up, losing 3-0 to Manchester United in the final? 2004
76%
What is the official club song of Millwall? Let 'em Come
61%
Who is Millwall’s record sale, departing to Queens Park Rangers for £14.5m in 2025? Romain Esse
61%
Who is Millwall’s record signing, arriving from Sparta Rotterdam for £3m in 2025? Camiel Neghli
59%
Who was the most recent captain of Millwall? Shaun Hutchinson
56%
Which strike partnership scored more than half of Millwall's goals as they secured their best-ever league position of 10th in the First Division in the 1988/89 season? Teddy Sheringham
54%
Which Englishman is Millwall’s record appearance-maker with 596? Barry Kitchener
51%
Which strike partnership scored more than half of Millwall's goals as they secured their best-ever league position of 10th in the First Division in the 1988/89 season? Tony Cascarino
41%
Millwall lost 4-2 on aggregate to which Hungarian side in the first round of the 2004/05 UEFA Cup, their only European appearance? Ferencvárosi TC
39%
Which Millwall manager led them to promotion to the First Division for the first time in 1988? John Docherty
37%
Which club did Millwall beat to win the 1983 Football League Trophy Final? Lincoln City
17%
No matching quizzes found
Score Distribution
Percent of People with Each Score
Percentile by Number Answered
Your Score History
You have not taken this quiz